| 000 | 01455nam a2200409 i 4500 | ||
|---|---|---|---|
| 003 | OSt | ||
| 005 | 20260407115351.0 | ||
| 008 | 260407t20252023my a gr 000 0 may | ||
| 020 |
_a9786297665603 _qpaperback _cRM 42.00 |
||
| 040 |
_aPPAK _beng _cPPAK _erda |
||
| 041 |
_amalay _hkorean |
||
| 082 | 0 | 4 |
_a158.1 _223 |
| 090 | 0 | 0 |
_a158.1 _bDAN _dG |
| 100 | 0 |
_aDancing Snail, _eauthor. _eillustrator. |
|
| 240 |
_a내일도 계속 걸어가겠습니다 _lKorean |
||
| 245 | 1 | 0 |
_aEsok, Saya Akan Terus Berjalan / _cTeks dan Ilustrasi oleh: Dancing Snail ; Penterjemah: Shafiqah Azman |
| 264 | 1 |
_aKajang, Selangor : _bNAMI, imprint of IMAN PUBLICATION SDN BHD, _c2025 |
|
| 264 | 4 | _c©2023 | |
| 300 |
_a239 pages : _bcolour illustrations ; _c19 cm |
||
| 336 |
_atext _2rdacontent |
||
| 337 |
_aunmediated _2rdamedia |
||
| 338 |
_avolume _2rdacarrier |
||
| 500 | _aTranslations from 내일도 계속 걸어가겠습니다 by Dancing Snail | ||
| 504 | _aBibliography: pages 205-208 | ||
| 546 | _aText in Malay translated from Korean. | ||
| 650 | 1 | 0 | _aSelf-actualization (Psychology) |
| 650 | 2 | 0 | _aSelf-acceptance |
| 650 | 2 | 0 | _aMental health |
| 650 | 2 | 0 | _aWell-being |
| 650 | 2 | 0 | _aStress management |
| 700 | 0 |
_aShafiqah Azman, _etranslator. |
|
| 765 |
_t내일도 계속 걸어가겠습니다 _aDancing Snail _d©2023 |
||
| 942 |
_2ddc _cB |
||
| 949 | _62000621501 | ||
| 949 | _62000621502 | ||
| 949 | _62000621500 | ||
| 999 |
_c203720 _d203720 |
||